Минерагения кор выветривания карбонатитов: [методическое руководство]

Podrobná bibliografie
Korporace: Межрегиональный центр по геологической картографии (Геокарт), Российская академия наук (РАН) Институт минералогии, геохимии и кристаллохимии редких элементов (ИМГРЭ)
Další autoři: Лапин А. В. Александр Владимирович, Толстов А. В. Александр Васильевич, Плошко В. В., Чемизова Л. Н., Сорокина Т. И.
Shrnutí:В работе обоснована необходимость выделения кор выветривания карбонатитов в качестве особой экзогенной рудной формации, которая имеет самостоятельное минерагеническое значение и является одним из главных перспективных источников редкометалльного сырья. Приведена характеристика главных месторождений кор выветривания карбонатитов России и мира и выполнено структурирование этой экзогенной рудной формации. Выявлены и изучены эффективные рудоконцентрирующие механизмы, действующие в этой экзогенной геохимической системе и определяющие исключительно высокую продуктивность данной рудной формации. Рассмотрены особенности методики прогнозирования поисков, картирования и оценки месторождений кор выветривания карбонатитов. Для широкого круга специалистов по геологическому картированию, металлогении и геохимии полезных ископаемых, студентов старших курсов вузов геологического профиля и аспирантов.
Jazyk:ruština
Vydáno: Москва, Геос, 2011
Edice:Серия методических руководств по прогнозированию и поискам месторождений полезных ископаемых при региональном геологическом изучении недр
Témata:
Médium: MixedMaterials Kniha
KOHA link:https://koha.lib.tpu.ru/cgi-bin/koha/opac-detail.pl?biblionumber=208053

MARC

LEADER 00000nam0a2200000 4500
001 208053
005 20231031191350.0
010 |a 9785891185425 
035 |a (RuTPU)RU\TPU\book\227086 
090 |a 208053 
100 |a 20120131d2011 k y0rusy50 ca 
101 0 |a rus 
102 |a RU 
105 |a a z 001zy 
200 1 |a Минерагения кор выветривания карбонатитов  |e [методическое руководство]  |f А. В. Лапин [и др.]  |g Межрегиональный центр по геологической картографии (Геокарт) ; Российская академия наук (РАН), Институт минералогии, геохимии и кристаллохимии редких элементов (ИМГРЭ) 
210 |a Москва  |c Геос  |c Геокарт  |d 2011 
215 |a 308 с.  |c ил. 
225 1 |a Серия методических руководств по прогнозированию и поискам месторождений полезных ископаемых при региональном геологическом изучении недр 
320 |a Библиогр.: с. 299-304. 
330 |a В работе обоснована необходимость выделения кор выветривания карбонатитов в качестве особой экзогенной рудной формации, которая имеет самостоятельное минерагеническое значение и является одним из главных перспективных источников редкометалльного сырья. Приведена характеристика главных месторождений кор выветривания карбонатитов России и мира и выполнено структурирование этой экзогенной рудной формации. Выявлены и изучены эффективные рудоконцентрирующие механизмы, действующие в этой экзогенной геохимической системе и определяющие исключительно высокую продуктивность данной рудной формации. Рассмотрены особенности методики прогнозирования поисков, картирования и оценки месторождений кор выветривания карбонатитов. Для широкого круга специалистов по геологическому картированию, металлогении и геохимии полезных ископаемых, студентов старших курсов вузов геологического профиля и аспирантов. 
606 1 |a Карбонатиды  |2 stltpush  |3 (RuTPU)RU\TPU\subj\71462 
610 1 |a коры выветривания 
610 1 |a минерагения 
610 1 |a месторождения 
610 1 |a карбонатитовые комплексы 
610 1 |a геохимия 
610 1 |a гипергенез 
610 1 |a рудоносность 
610 1 |a генетическая классификация 
610 1 |a редкие металлы 
610 1 |a прогнозирование 
610 1 |a поиски 
610 1 |a оценка 
610 1 |a геологическое картирование 
610 1 |a геофизические методы 
610 1 |a методические руководства 
675 |a 553.63(07)  |v 3 
701 1 |a Лапин  |b А. В.  |g Александр Владимирович 
701 1 |a Толстов  |b А. В.  |g Александр Васильевич 
701 1 |a Плошко  |b В. В. 
701 1 |a Чемизова  |b Л. Н. 
701 1 |a Сорокина  |b Т. И. 
712 0 2 |a Межрегиональный центр по геологической картографии (Геокарт)  |c (Москва)  |2 stltpush  |3 (RuTPU)RU\TPU\col\228 
712 0 2 |a Российская академия наук (РАН)  |b Институт минералогии, геохимии и кристаллохимии редких элементов (ИМГРЭ)  |c (Москва)  |2 stltpush  |3 (RuTPU)RU\TPU\col\280 
801 1 |a RU  |b 63413507  |c 20120131 
801 2 |a RU  |b 63413507  |c 20120403  |g RCR 
942 |c BK 
959 |a 8/20120131  |d 1  |e 750,00  |f ЧЗТЛ:1